Computacion rural; manejo de datos, elaboración y presentación de la información /

Guardado en:
Autor Principal: Jensen, Alicia
Formato: Libro
Publicado: Buenos Aires : Hemisferio Sur, 1986
Materias:
Etiquetas: Agregar Etiqueta
Sin Etiquetas, Sea el primero en etiquetar este registro!
LEADER 00642nam a22002055a 4500
001 CEM.cems016653
005 20091222165458.0
008 130507s1986##################000#0#####d
003 CEMS
082 0 4 |a 631.11 
100 1 |a Jensen, Alicia 
245 1 0 |a Computacion rural; manejo de datos, elaboración y presentación de la información /  |c Alicia Jensen, 
260 |a Buenos Aires :  |b Hemisferio Sur,  |c 1986 
300 |a 173 p. 
653 |a Computacion 
653 |a Datos-manejo 
653 |a Informe 
653 |a Informacion-clasificacion 
653 |a Computadoras-perifericos 
859 |a CEMS  |b BIB. CEMS - Agricultura  |h 631.11  |i J453  |p A17198.93  |t Ej.1